[Event "HUN-chT2 Erkel 2223"]
[Site "Hungary"]
[Date "2023.02.19"]
[Round "6.10"]
[White "Molnar, Daniel Zsolt"]
[Black "Russa, Roberto"]
[Result "1/2-1/2"]
[WhiteElo "1575"]
[BlackElo "1795"]
[PlyCount "128"]
[EventDate "2022.11.20"]
[EventType "team-tourn"]
[EventRounds "9"]
[EventCountry "HUN"]
[SourceTitle "EXT 2025"]
[Source "ChessBase"]
[SourceDate "2024.10.14"]
[SourceVersion "1"]
[SourceVersionDate "2024.10.14"]
[SourceQuality "1"]
[WhiteTeam "Egri Bolyky"]
[BlackTeam "Vizugy"]
[WhiteTeamCountry "HUN"]
[BlackTeamCountry "HUN"]

1. e4 e6 2. d4 d5 3. exd5 exd5 4. Bd3 Bd6 5. Nf3 Bg4 6. 0-0 c6 7. c3 Qc7 8. Kh1 Ne7 9. h3 Bh5 10. Nbd2 Nd7 11. Re1 f6 12. Nf1 Bg6 13. Nh4 Bxd3 14. Qxd3 0-0-0 15. Nf5 Nxf5 16. Qxf5 g5 17. Bd2 Rdf8 18. Re2 Kd8 19. Rae1 Nb6 20. Ne3 Qd7 21. Qxd7+ Kxd7 22. Ng4 Nc4 23. Bc1 h5 24. Ne3 Nxe3 25. Bxe3 Re8 26. g3 Re6 27. Bd2 Rhe8 28. Rxe6 Rxe6 29. Rxe6 Kxe6 30. Kg2 g4 31. hxg4 hxg4 32. f4 Kf5 33. Kf2 Ke4 34. Ke2 Bc7 35. Bc1 b5 36. a3 c5 37. Be3 c4 38. Bd2 Bd6 39. Bc1 a5 40. Bd2 Bc7 41. Be1 Bb6 42. Bd2 Bd8 43. Be1 b4 44. axb4 axb4 45. Bd2 Be7 46. Bc1 bxc3 47. bxc3 Bd6 48. Bd2 Ba3 49. Be3 Bb2 50. Bd2 Kf5 51. Ke3 Ke6 52. Ke2 Ba3 53. Be3 Bd6 54. Bd2 Kd7 55. Kd1 Kc6 56. Kc2 Kb5 57. Be3 Ka4 58. Bc1 f5 59. Bd2 Ka3 60. Bc1+ Ka2 61. Bd2 Ba3 62. Be1 Ka1 63. Bd2 Bd6 64. Be1 Ka2 1/2-1/2